| 000 -LEADER |
| fixed length control field |
00682nam a22002177a 4500 |
| 003 - CONTROL NUMBER IDENTIFIER |
| control field |
OSt |
| 005 - DATE AND TIME OF LATEST TRANSACTION |
| control field |
20250813153635.0 |
| 008 - FIXED-LENGTH DATA ELEMENTS--GENERAL INFORMATION |
| fixed length control field |
250813b ||||| |||| 00| 0 eng d |
| 020 ## - INTERNATIONAL STANDARD BOOK NUMBER |
| International Standard Book Number |
9789620443039 |
| 040 ## - CATALOGING SOURCE |
| Transcribing agency |
KH8 |
| 082 ## - DEWEY DECIMAL CLASSIFICATION NUMBER |
| Classification number |
495.1 CHI |
| 130 ## - MAIN ENTRY--UNIFORM TITLE |
| Uniform title |
Chinese Made Easy |
| 245 ## - TITLE STATEMENT |
| Title |
Chinese made easy = 轻松学汉语. 3 : |
| Remainder of title |
Teacher's Book . |
| 260 ## - PUBLICATION, DISTRIBUTION, ETC. |
| Place of publication, distribution, etc. |
Hong Kong ; |
| Name of publisher, distributor, etc. |
Joint Publishing, |
| Date of publication, distribution, etc. |
2018. |
| 300 ## - PHYSICAL DESCRIPTION |
| Extent |
169 p. : |
| Other physical details |
b&w ill. ; |
| Dimensions |
28 cm. |
| 500 ## - GENERAL NOTE |
| General note |
Simplified characters version<br/>Chinese text accompanied with Pinyin romanization |
| 501 ## - WITH NOTE |
| With note |
Teacher's book = 教师用书 |
| 650 ## - SUBJECT ADDED ENTRY--TOPICAL TERM |
| Topical term or geographic name entry element |
Chinese language |
| 650 ## - SUBJECT ADDED ENTRY--TOPICAL TERM |
| Topical term or geographic name entry element |
Conversation and phrase books |
| 942 ## - ADDED ENTRY ELEMENTS (KOHA) |
| Source of classification or shelving scheme |
|
| Koha item type |
Teaching Resources |